[Event "Iranian Men Championship Final 1399"]
[Site "Tehran"]
[Date "2021.04.09"]
[Round "9"]
[Board "6"]
[White "Mosadeghpour, Masoud"]
[Black "Atakhan, Abtin"]
[Result "1-0"]
[WhiteElo "2498"]
[BlackElo "2294"]
[PlyCount "0"]
[EventDate "2021.04.05"]
[EventRounds "15"]
[EventCountry "IRI"]

1. e4 {[%clk 1:24:32]} e6 {[%clk 1:30:18]} 2. d4 {[%clk 1:24:17]} d5
{[%clk 1:30:41]} 3. Nc3 {[%clk 1:23:48]} Nf6 {[%clk 1:30:52]} 4. Bg5
{[%clk 1:22:49]} dxe4 {[%clk 1:30:49]} 5. Nxe4 {[%clk 1:22:55]} Nbd7
{[%clk 1:30:58]} 6. Nf3 {[%clk 1:19:21]} Be7 {[%clk 1:30:19]} 7. Nxf6+
{[%clk 1:19:44]} Bxf6 {[%clk 1:30:41]} 8. h4 {[%clk 1:18:59]} a6 {[%clk 1:21:03]}
9. Qd2 {[%clk 1:16:50]} h6 {[%clk 1:19:14]} 10. Bxf6 {[%clk 1:15:56]} Qxf6
{[%clk 1:18:27]} 11. O-O-O {[%clk 1:15:00]} O-O {[%clk 1:17:40]} 12. Qe3
{[%clk 1:12:04]} c5 {[%clk 1:14:12]} 13. dxc5 {[%clk 0:58:07]} Qe7
{[%clk 1:13:17]} 14. Ne5 {[%clk 0:58:09]} Nxc5 {[%clk 1:11:20]} 15. g4
{[%clk 0:58:33]} b6 {[%clk 1:09:55]} 16. g5 {[%clk 0:55:02]} h5 {[%clk 1:08:23]}
17. g6 {[%clk 0:52:10]} Bb7 {[%clk 1:08:50]} 18. Rh3 {[%clk 0:40:48]} f5
{[%clk 1:08:28]} 19. Qe2 {[%clk 0:28:37]} Ne4 {[%clk 1:08:56]} 20. Rd7
{[%clk 0:25:41]} Qc5 {[%clk 1:09:25]} 21. Nf7 {[%clk 0:25:44]} Rfc8
{[%clk 1:06:53]} 22. Rxb7 {[%clk 0:23:42]} Qc6 {[%clk 1:07:20]} 23. Rd3
{[%clk 0:15:52]} Qxb7 {[%clk 1:06:32]} 24. Qxh5 {[%clk 0:16:09]} Kf8
{[%clk 1:06:57]} 25. Nd8 {[%clk 0:16:30]} Rxc2+ {[%clk 1:03:18]} 26. Kxc2
{[%clk 0:16:43]} Qc7+ {[%clk 1:01:59]} 27. Kb1 {[%clk 0:13:02]} Ke7
{[%clk 1:01:49]} 28. Qh8 {[%clk 0:11:55]}  1-0

[Event "Iranian Men Championship Final 1399"]
[Site "Tehran"]
[Date "2021.04.09"]
[Round "9"]
[Board "7"]
[White "Gholami, Aryan"]
[Black "Daneshvar, Bardiya"]
[Result "1/2-1/2"]
[WhiteElo "2507"]
[BlackElo "2401"]
[PlyCount "0"]
[EventDate "2021.04.05"]
[EventRounds "15"]
[EventCountry "IRI"]

1. c4 {[%clk 1:30:51]} c6 {[%clk 1:30:47]} 2. Nf3 {[%clk 1:31:13]} d5
{[%clk 1:31:11]} 3. e3 {[%clk 1:30:32]} Nf6 {[%clk 1:31:29]} 4. Qc2
{[%clk 1:30:52]} e6 {[%clk 1:29:50]} 5. b3 {[%clk 1:29:34]} Bd6 {[%clk 1:28:44]}
6. Bb2 {[%clk 1:29:53]} Nbd7 {[%clk 1:25:11]} 7. Nc3 {[%clk 1:29:36]} O-O
{[%clk 1:24:20]} 8. Be2 {[%clk 1:28:55]} a6 {[%clk 1:21:52]} 9. d4
{[%clk 1:27:53]} b5 {[%clk 1:12:58]} 10. O-O {[%clk 1:25:57]} Bb7
{[%clk 1:09:05]} 11. c5 {[%clk 1:25:26]} Bc7 {[%clk 1:08:20]} 12. b4
{[%clk 1:25:25]} Re8 {[%clk 0:58:43]} 13. e4 {[%clk 1:20:23]} dxe4
{[%clk 0:58:13]} 14. Nxe4 {[%clk 1:20:06]} Nxe4 {[%clk 0:57:01]} 15. Qxe4
{[%clk 1:20:25]} Nf6 {[%clk 0:56:45]} 16. Qc2 {[%clk 1:20:34]} Nd5
{[%clk 0:55:12]} 17. Qb3 {[%clk 1:19:22]} a5 {[%clk 0:52:06]} 18. a3
{[%clk 1:17:45]} Nf4 {[%clk 0:49:58]} 19. Bd1 {[%clk 1:15:48]} axb4
{[%clk 0:43:02]} 20. axb4 {[%clk 1:16:04]} Qd5 {[%clk 0:42:23]} 21. Qe3
{[%clk 1:00:38]} Qc4 {[%clk 0:34:30]} 22. Nd2 {[%clk 0:58:10]} Qd3
{[%clk 0:32:07]} 23. Rxa8 {[%clk 0:45:28]} Rxa8 {[%clk 0:32:26]} 24. Qxd3
{[%clk 0:45:03]} Nxd3 {[%clk 0:32:49]} 25. Bc3 {[%clk 0:45:24]} Nf4
{[%clk 0:32:03]} 26. Nb1 {[%clk 0:40:51]} Nd5 {[%clk 0:30:52]} 27. Bb3
{[%clk 0:40:27]} Bf4 {[%clk 0:29:55]} 28. g3 {[%clk 0:39:33]} Nxc3
{[%clk 0:29:18]} 29. Nxc3 {[%clk 0:39:55]} Bd2 {[%clk 0:29:30]} 30. Ne4
{[%clk 0:39:09]} Bxb4 {[%clk 0:29:20]} 31. Rb1 {[%clk 0:35:58]} Bc8
{[%clk 0:25:54]} 32. Bd1 {[%clk 0:31:45]} Ba5 {[%clk 0:21:53]} 33. Ra1
{[%clk 0:31:49]} Bb7 {[%clk 0:22:18]} 34. Bf3 {[%clk 0:28:07]} Bc7
{[%clk 0:21:19]} 35. Rxa8+ {[%clk 0:28:31]} Bxa8 {[%clk 0:21:44]} 36. Nc3
{[%clk 0:28:55]} b4 {[%clk 0:21:30]} 37. Na4 {[%clk 0:25:20]} Bb7
{[%clk 0:17:03]} 38. Kf1 {[%clk 0:25:41]} e5 {[%clk 0:16:24]} 39. dxe5
{[%clk 0:24:35]} Bxe5 {[%clk 0:16:40]} 40. Ke1 {[%clk 0:24:59]} Bd4
{[%clk 0:15:50]} 41. Kd2 {[%clk 0:24:58]} Bxf2 {[%clk 0:15:42]} 42. Kc2
{[%clk 0:25:20]} f5 {[%clk 0:14:33]} 43. Kb3 {[%clk 0:25:28]} Kf7
{[%clk 0:14:20]} 44. Kxb4 {[%clk 0:25:43]} Be1+ {[%clk 0:14:36]} 45. Kb3
{[%clk 0:25:59]} Ke6 {[%clk 0:14:18]} 46. Nb2 {[%clk 0:24:13]} g5
{[%clk 0:13:19]} 47. Nd3 {[%clk 0:24:25]} Bd2 {[%clk 0:13:19]} 48. h3
{[%clk 0:24:31]} Be3 {[%clk 0:11:28]} 49. Kc3 {[%clk 0:24:18]} h6
{[%clk 0:11:15]} 50. g4 {[%clk 0:24:25]} f4 {[%clk 0:11:20]} 51. Be4
{[%clk 0:22:10]} Kd7 {[%clk 0:09:40]} 52. Ne5+ {[%clk 0:21:51]} Kc7
{[%clk 0:10:04]} 53. Kb4 Bf2 {[%clk 0:06:51]} 54. Bf3 {[%clk 0:22:17]} Be1+
{[%clk 0:04:38]} 55. Kb3 {[%clk 0:22:37]} Bf2 {[%clk 0:03:33]} 56. Kb4
{[%clk 0:23:03]} Bd4 {[%clk 0:02:59]} 57. Nf7 {[%clk 0:23:12]} Ba6
{[%clk 0:02:54]} 58. Nxh6 {[%clk 0:23:35]} Bf1 59. Nf7 {[%clk 0:23:19]} Bf6
{[%clk 0:02:57]} 60. Nd6 {[%clk 0:23:05]} Be7 61. Nf5 Bf6 {[%clk 0:03:19]} 62.
Nd6 {[%clk 0:23:29]} Be7  1/2-1/2

[Event "Iranian Men Championship Final 1399"]
[Site "Tehran"]
[Date "2021.04.09"]
[Round "9"]
[Board "8"]
[White "Idani, Pouya"]
[Black "Darini, Pouria"]
[Result "1-0"]
[WhiteElo "2588"]
[BlackElo "2432"]
[PlyCount "0"]
[EventDate "2021.04.05"]
[EventRounds "15"]
[EventCountry "IRI"]

1. e4 c5 {[%clk 1:29:36]} 2. Nf3 {[%clk 1:31:22]} d6 {[%clk 1:29:55]} 3. d4
{[%clk 1:31:48]} cxd4 {[%clk 1:29:55]} 4. Nxd4 {[%clk 1:31:48]} Nf6
{[%clk 1:29:55]} 5. Nc3 {[%clk 1:31:48]} Nc6 {[%clk 1:29:55]} 6. Bg5
{[%clk 1:33:09]} e6 {[%clk 1:31:14]} 7. Qd3 {[%clk 1:33:36]} Be7 {[%clk 1:31:07]}
8. O-O-O {[%clk 1:33:57]} O-O {[%clk 1:31:26]} 9. f4 {[%clk 1:34:21]} Qb6
{[%clk 1:31:02]} 10. Nxc6 {[%clk 1:32:20]} bxc6 {[%clk 1:29:44]} 11. e5
{[%clk 1:32:48]} dxe5 {[%clk 1:29:54]} 12. fxe5 {[%clk 1:33:14]} Nd5
{[%clk 1:23:57]} 13. Bxe7 {[%clk 1:33:14]} Nxe7 {[%clk 1:23:57]} 14. Qe4
{[%clk 1:33:14]} Rb8 {[%clk 1:23:57]} 15. Bd3 {[%clk 1:33:14]} Ng6
{[%clk 1:23:57]} 16. b3 {[%clk 1:33:14]} Qa5 {[%clk 1:23:57]} 17. Kb2
{[%clk 1:33:14]} Rb4 {[%clk 1:23:57]} 18. Qe3 {[%clk 1:33:14]} Nxe5
{[%clk 1:23:57]} 19. Rhe1 {[%clk 1:33:14]} f6 {[%clk 1:23:57]} 20. Qh3
{[%clk 1:33:14]} Nxd3+ {[%clk 1:23:57]} 21. Qxd3 {[%clk 1:33:14]} e5
{[%clk 1:23:57]} 22. Qd6 {[%clk 1:33:14]} Bg4 {[%clk 1:23:57]} 23. Rd2
{[%clk 1:33:14]} c5 {[%clk 1:23:57]} 24. Qd5+ {[%clk 1:33:14]} Kh8
{[%clk 1:23:57]} 25. Ne4 {[%clk 1:33:14]} Rbb8 {[%clk 1:23:57]} 26. Qxc5
{[%clk 1:33:14]} Qxc5 {[%clk 1:23:57]} 27. Nxc5 {[%clk 1:33:14]} Rfd8
{[%clk 1:23:57]} 28. Rxd8+ {[%clk 1:33:14]} Rxd8 {[%clk 1:23:57]} 29. Kc3
{[%clk 1:33:14]} h5 {[%clk 1:23:57]} 30. b4 {[%clk 1:33:14]} Kg8 {[%clk 1:23:57]}
31. a4 {[%clk 1:33:14]} Kf7 {[%clk 1:23:57]} 32. a5 {[%clk 1:33:14]} Ke7
{[%clk 0:06:25]} 33. h3 {[%clk 0:46:54]} Bf5 {[%clk 0:06:49]} 34. Re2
{[%clk 0:47:17]} Rd1 {[%clk 0:05:18]} 35. Rd2 {[%clk 0:39:29]} Rb1
{[%clk 0:01:54]} 36. Kc4 {[%clk 0:34:58]} Rb2 {[%clk 0:01:08]} 37. b5
{[%clk 0:35:09]} Bxc2 {[%clk 0:00:31]} 38. Rd7+ {[%clk 0:27:56]} Ke8
{[%clk 0:01:00]} 39. Rxa7 {[%clk 0:28:19]} e4 {[%clk 0:01:25]} 40. Rxg7
{[%clk 0:27:05]} Bd1 {[%clk 0:00:31]} 41. Nxe4 {[%clk 0:27:05]} Be2+
{[%clk 0:01:00]}  1-0

[Event "Iranian Men Championship Final 1399"]
[Site "Tehran"]
[Date "2021.04.10"]
[Round "10"]
[Board "1"]
[White "Hakemi, Arman"]
[Black "Darini, Pouria"]
[Result "0-1"]
[WhiteElo "2316"]
[BlackElo "2432"]
[PlyCount "0"]
[EventDate "2021.04.05"]
[EventRounds "15"]
[EventCountry "IRI"]

1. d4 {[%clk 1:30:05]} Nf6 {[%clk 1:29:59]} 2. c4 {[%clk 1:30:28]} g6
{[%clk 1:30:26]} 3. g3 {[%clk 1:30:54]} c6 {[%clk 1:30:39]} 4. Bg2
{[%clk 1:31:15]} d5 {[%clk 1:31:05]} 5. Qa4 {[%clk 1:31:41]} Nfd7
{[%clk 1:30:09]} 6. cxd5 {[%clk 1:30:29]} Nb6 {[%clk 1:30:26]} 7. Qd1
{[%clk 1:30:50]} cxd5 {[%clk 1:30:55]} 8. Nc3 {[%clk 1:31:11]} Bg7
{[%clk 1:30:33]} 9. e3 {[%clk 1:31:35]} Nc6 {[%clk 1:25:29]} 10. Nge2
{[%clk 1:31:46]} O-O {[%clk 1:23:08]} 11. O-O {[%clk 1:32:10]} Re8
{[%clk 1:15:14]} 12. Nf4 {[%clk 1:25:38]} e6 {[%clk 1:14:56]} 13. b3
{[%clk 1:18:15]} Nd7 {[%clk 1:00:34]} 14. Bb2 {[%clk 1:16:52]} b6
{[%clk 1:00:30]} 15. Qd2 {[%clk 0:58:25]} Ba6 {[%clk 0:57:21]} 16. Rfe1
{[%clk 0:58:31]} Rc8 {[%clk 0:57:23]} 17. Rac1 {[%clk 0:58:05]} Nf6
{[%clk 0:52:28]} 18. Ba3 {[%clk 0:57:59]} Bf8 {[%clk 0:49:47]} 19. Bxf8
{[%clk 0:56:35]} Rxf8 {[%clk 0:49:56]} 20. Bf1 Bb7 {[%clk 0:40:27]} 21. Nd3
{[%clk 0:55:10]} Qd6 {[%clk 0:37:56]} 22. Qb2 {[%clk 0:51:23]} Rfd8
{[%clk 0:32:55]} 23. Nb5 Qe7 {[%clk 0:23:35]} 24. b4 {[%clk 0:50:02]} Ne8
{[%clk 0:23:53]} 25. Rc2 a5 26. bxa5 {[%clk 0:37:43]} Nxa5 {[%clk 0:24:13]} 27.
Rec1 {[%clk 0:38:12]} Nc4 {[%clk 0:18:32]} 28. Qb4 {[%clk 0:32:39]} Qg5
{[%clk 0:07:19]} 29. Nf4 Qf6 {[%clk 0:07:20]} 30. e4 {[%clk 0:25:01]} g5
{[%clk 0:06:03]} 31. e5 {[%clk 0:19:14]} Qh6 {[%clk 0:02:10]} 32. Ng2 Qf8 33. Qe1
{[%clk 0:12:48]} Ba6 {[%clk 0:02:38]} 34. a4 {[%clk 0:13:02]} Bxb5
{[%clk 0:02:29]} 35. axb5 {[%clk 0:13:30]} Nc7 36. Bxc4 {[%clk 0:06:20]} dxc4
{[%clk 0:02:58]} 37. Qd2 {[%clk 0:06:42]} h6 {[%clk 0:03:09]} 38. Rxc4 Nxb5
{[%clk 0:03:32]} 39. Qb2 {[%clk 0:03:09]} Nxd4 {[%clk 0:03:09]} 40. Ne3
{[%clk 0:03:09]} Rc5 {[%clk 0:01:09]} 41. Ng4 {[%clk 0:02:26]} Nf3+
{[%clk 0:01:23]} 42. Kg2 Ne1+ 43. Rxe1 {[%clk 0:01:33]} Rxc4 {[%clk 0:01:48]} 44.
Nf6+ {[%clk 0:02:01]} Kh8 {[%clk 0:01:56]} 45. Qb1 {[%clk 0:02:30]} Qg7 46. Qxb6
{[%clk 0:02:44]} Rcc8 {[%clk 0:02:35]} 47. h4 {[%clk 0:01:42]} Rb8 48. Qa7 gxh4
{[%clk 0:00:49]} 49. g4 {[%clk 0:02:11]} Rb4 50. f3 {[%clk 0:00:32]} Rb2+
{[%clk 0:01:32]} 51. Kh3 {[%clk 0:00:30]} Qg6 {[%clk 0:01:57]} 52. Qe7 Rdb8 53.
Rd1 {[%clk 0:00:51]} Rh2+ {[%clk 0:00:48]} 54. Kxh2 {[%clk 0:01:15]} Qc2+ 55. Kh3
{[%clk 0:00:55]} Qxd1 {[%clk 0:01:46]} 56. Kxh4 {[%clk 0:00:32]} Qe2 57. g5 hxg5+
{[%clk 0:00:55]} 58. Kh5 {[%clk 0:00:41]} Qxf3+ {[%clk 0:01:05]} 59. Kxg5
{[%clk 0:00:33]} Qg3+ {[%clk 0:00:47]} 60. Kh5  0-1

[Event "Iranian Men Championship Final 1399"]
[Site "Tehran"]
[Date "2021.04.10"]
[Round "10"]
[Board "2"]
[White "Daneshvar, Bardiya"]
[Black "Idani, Pouya"]
[Result "0-1"]
[WhiteElo "2401"]
[BlackElo "2588"]
[PlyCount "0"]
[EventDate "2021.04.05"]
[EventRounds "15"]
[EventCountry "IRI"]

1. Nf3 {[%clk 1:30:57]} e6 {[%clk 1:30:53]} 2. g3 {[%clk 1:30:18]} d5
{[%clk 1:31:06]} 3. Bg2 {[%clk 1:28:50]} Nf6 {[%clk 1:30:21]} 4. c4
{[%clk 1:27:39]} d4 {[%clk 1:30:46]} 5. e3 {[%clk 1:26:25]} Nc6 {[%clk 1:30:55]}
6. O-O {[%clk 1:23:20]} e5 {[%clk 1:31:08]} 7. exd4 {[%clk 1:21:33]} e4
{[%clk 1:31:26]} 8. Ng5 {[%clk 1:12:51]} Nxd4 {[%clk 1:31:48]} 9. Nxe4
{[%clk 1:11:48]} Nxe4 {[%clk 1:32:13]} 10. Bxe4 {[%clk 1:12:15]} h5
{[%clk 1:32:34]} 11. Nc3 {[%clk 1:05:00]} c6 {[%clk 1:32:30]} 12. d3
{[%clk 0:55:13]} Bg4 {[%clk 1:30:11]} 13. Re1 {[%clk 0:50:07]} Be7
{[%clk 1:30:27]} 14. f3 {[%clk 0:50:16]} Be6 {[%clk 1:30:52]} 15. Be3
{[%clk 0:45:24]} O-O {[%clk 1:26:09]} 16. Kg2 {[%clk 0:39:06]} Bc5
{[%clk 1:16:53]} 17. Ne2 {[%clk 0:33:28]} Re8 {[%clk 1:15:31]} 18. b4
{[%clk 0:29:28]} Nxe2 {[%clk 1:03:53]} 19. Bxc5 {[%clk 0:25:08]} Nd4
{[%clk 1:04:18]} 20. Qd2 {[%clk 0:18:55]} Qd7 {[%clk 0:57:41]} 21. Qc3
{[%clk 0:14:08]} Bh3+ {[%clk 0:55:13]} 22. Kf2 {[%clk 0:13:21]} Ne6
{[%clk 0:50:01]} 23. f4 {[%clk 0:13:16]} a5 {[%clk 0:49:10]} 24. Be3
{[%clk 0:12:14]} axb4 {[%clk 0:48:50]} 25. Qxb4 {[%clk 0:12:38]} Nd4
{[%clk 0:48:15]} 26. Qb2 {[%clk 0:10:47]} Nf5 {[%clk 0:48:19]} 27. Bb6
{[%clk 0:08:18]} h4 {[%clk 0:45:44]} 28. Bxf5 {[%clk 0:06:42]} Qxf5
{[%clk 0:40:48]} 29. Qd4 {[%clk 0:05:25]} hxg3+ {[%clk 0:40:28]} 30. hxg3
{[%clk 0:05:54]} Rxe1 {[%clk 0:39:49]} 31. Rxe1 {[%clk 0:05:41]} Bg4
{[%clk 0:39:03]} 32. a4 {[%clk 0:04:54]} Qh5 {[%clk 0:37:19]} 33. Kg1
{[%clk 0:04:47]} f6 {[%clk 0:29:48]} 34. a5 {[%clk 0:03:29]} Bf5 {[%clk 0:23:34]}
35. Qe3 {[%clk 0:01:29]} Qh3 {[%clk 0:19:33]} 36. Re2 {[%clk 0:01:01]} Kf7
{[%clk 0:17:07]} 37. Bd8 {[%clk 0:01:17]} Be6 {[%clk 0:15:49]} 38. Rh2
{[%clk 0:01:24]} Qg4 {[%clk 0:15:50]} 39. f5 {[%clk 0:01:10]} Qxf5
{[%clk 0:15:25]} 40. Bb6 {[%clk 0:01:14]} Re8 {[%clk 0:14:34]} 41. Rf2
{[%clk 0:01:22]} Qg6 42. Qe4 {[%clk 0:00:33]} Qxe4 {[%clk 0:13:01]} 43. dxe4
{[%clk 0:01:02]} Bxc4 {[%clk 0:13:24]} 44. Rf4 {[%clk 0:01:06]} Bd3
{[%clk 0:13:34]} 45. Rf3 {[%clk 0:01:29]} Bxe4 {[%clk 0:13:52]} 46. Ra3
{[%clk 0:01:55]} Rh8 {[%clk 0:13:05]} 47. Kf2 {[%clk 0:02:19]} Rh2+
{[%clk 0:13:26]} 48. Ke3 {[%clk 0:02:48]} Bd5 {[%clk 0:13:49]} 49. Kd4
{[%clk 0:03:08]} Rb2 {[%clk 0:11:19]} 50. Kc3 {[%clk 0:02:55]} Rb5
{[%clk 0:11:30]} 51. Kc2 {[%clk 0:03:20]} g5 {[%clk 0:11:24]} 52. Re3
{[%clk 0:03:36]} f5 {[%clk 0:11:44]} 53. Bd8 {[%clk 0:03:48]} Be4+
{[%clk 0:10:48]} 54. Kc3 {[%clk 0:04:11]} Kg6 {[%clk 0:10:57]} 55. Kc4
{[%clk 0:04:30]} Kh5 {[%clk 0:11:05]} 56. Re1 {[%clk 0:04:28]} Kg4
{[%clk 0:11:11]} 57. Re3 {[%clk 0:04:52]} Rd5 {[%clk 0:09:12]} 58. Bb6
{[%clk 0:05:16]} Rd7 {[%clk 0:09:13]} 59. Bd4 {[%clk 0:05:22]} Bf3
{[%clk 0:09:07]} 60. Be5 {[%clk 0:05:42]} f4 {[%clk 0:09:04]} 61. gxf4
{[%clk 0:06:10]} gxf4 {[%clk 0:09:17]} 62. Re1 {[%clk 0:06:37]} Bg2
{[%clk 0:09:28]} 63. Re2 {[%clk 0:06:34]} Bf1  0-1

[Event "Iranian Men Championship Final 1399"]
[Site "Tehran"]
[Date "2021.04.10"]
[Round "10"]
[Board "3"]
[White "Atakhan, Abtin"]
[Black "Gholami, Aryan"]
[Result "1/2-1/2"]
[WhiteElo "2294"]
[BlackElo "2507"]
[PlyCount "0"]
[EventDate "2021.04.05"]
[EventRounds "15"]
[EventCountry "IRI"]

1. d4 {[%clk 1:27:41]} d5 {[%clk 1:30:01]} 2. Nf3 {[%clk 1:26:58]} e6
{[%clk 1:29:57]} 3. c4 {[%clk 1:25:36]} a6 {[%clk 1:29:42]} 4. cxd5
{[%clk 1:25:30]} exd5 {[%clk 1:30:04]} 5. Nc3 {[%clk 1:25:56]} Nf6
{[%clk 1:30:16]} 6. Bg5 {[%clk 1:26:11]} Be6 {[%clk 1:30:38]} 7. Bxf6
{[%clk 1:25:20]} Qxf6 {[%clk 1:30:46]} 8. Qb3 {[%clk 1:25:44]} Ra7
{[%clk 1:30:57]} 9. g3 {[%clk 1:25:49]} Qd8 {[%clk 1:21:57]} 10. h4
{[%clk 1:25:54]} Be7 {[%clk 1:20:05]} 11. Ng5 {[%clk 1:26:18]} Bxg5
{[%clk 0:55:40]} 12. hxg5 {[%clk 1:26:45]} Nc6 {[%clk 0:53:13]} 13. Bg2
{[%clk 1:08:40]} Nxd4 {[%clk 0:47:18]} 14. Qa4+ {[%clk 1:02:59]} Nc6
{[%clk 0:47:39]} 15. Qf4 {[%clk 1:02:29]} Ra8 {[%clk 0:40:07]} 16. O-O-O
{[%clk 0:58:16]} Ne7 {[%clk 0:34:08]} 17. Nxd5 {[%clk 0:37:33]} Nxd5
{[%clk 0:34:26]} 18. Bxd5 {[%clk 0:37:53]} Bxd5 {[%clk 0:34:45]} 19. e4
{[%clk 0:35:51]} Qd6 {[%clk 0:33:17]} 20. Qxd6 {[%clk 0:35:45]} cxd6
{[%clk 0:33:36]} 21. Rxd5 {[%clk 0:36:13]} Rc8+ {[%clk 0:33:57]} 22. Kb1
{[%clk 0:34:44]} Rc6 {[%clk 0:33:31]} 23. Rhd1 {[%clk 0:29:32]} h6
{[%clk 0:32:14]} 24. gxh6 {[%clk 0:28:02]} Rxh6 {[%clk 0:32:38]} 25. e5
{[%clk 0:27:41]} dxe5 {[%clk 0:32:31]} 26. Rxe5+ {[%clk 0:27:58]} Rhe6
{[%clk 0:32:46]} 27. Rxe6+ {[%clk 0:26:21]} Rxe6 {[%clk 0:31:01]} 28. Kc2
{[%clk 0:26:45]} Ke7 {[%clk 0:31:21]} 29. Rd2 {[%clk 0:21:24]} Kf6
{[%clk 0:31:31]} 30. Kd1 {[%clk 0:21:22]} g6 {[%clk 0:29:28]} 31. Rd3
{[%clk 0:20:32]} Kg5 {[%clk 0:29:25]} 32. Rd7 {[%clk 0:19:13]} Rb6
{[%clk 0:29:48]} 33. b3 {[%clk 0:19:25]} f5 {[%clk 0:29:53]} 34. Ke2
{[%clk 0:19:35]} Re6+ {[%clk 0:30:16]} 35. Kf3 {[%clk 0:19:42]} b5
{[%clk 0:30:38]} 36. Ra7 {[%clk 0:19:36]} Rc6 {[%clk 0:30:50]} 37. Ra8
{[%clk 0:18:12]} Kf6 {[%clk 0:30:20]} 38. Ke3 {[%clk 0:18:21]} Ke5
{[%clk 0:30:35]} 39. Kd3 {[%clk 0:18:03]} Rd6+ {[%clk 0:28:52]} 40. Ke3
{[%clk 0:18:09]} Re6 {[%clk 0:26:37]} 41. Rd8 {[%clk 0:17:56]} Kf6+
{[%clk 0:26:57]} 42. Kf3 {[%clk 0:17:39]} Rc6 {[%clk 0:26:38]} 43. Ke3
{[%clk 0:14:26]} g5 {[%clk 0:26:35]} 44. f4 {[%clk 0:13:21]} Re6+
{[%clk 0:26:11]} 45. Kd3 {[%clk 0:11:31]} g4 {[%clk 0:25:53]} 46. Kd4
{[%clk 0:10:26]} Re4+ {[%clk 0:20:14]} 47. Kd5 {[%clk 0:10:06]} a5
{[%clk 0:17:59]} 48. Rf8+ {[%clk 0:07:56]} Kg6 {[%clk 0:18:16]} 49. Rg8+
{[%clk 0:07:48]} Kf6 {[%clk 0:18:21]} 50. Ra8 {[%clk 0:06:38]} a4
{[%clk 0:18:23]} 51. Ra6+ {[%clk 0:06:53]} Ke7 {[%clk 0:17:54]} 52. Rb6
{[%clk 0:06:08]} axb3 {[%clk 0:16:00]} 53. axb3 {[%clk 0:06:36]} b4
{[%clk 0:15:57]} 54. Rb7+ {[%clk 0:06:47]} Ke8 {[%clk 0:15:04]} 55. Rb8+
{[%clk 0:06:59]} Kd7 {[%clk 0:14:13]} 56. Rb7+ {[%clk 0:07:12]} Kc8
{[%clk 0:12:29]} 57. Rf7 {[%clk 0:07:19]} Re3 {[%clk 0:12:54]} 58. Kc4
{[%clk 0:07:35]} Rxg3 {[%clk 0:13:17]} 59. Rxf5 {[%clk 0:07:56]} Rf3
{[%clk 0:13:43]} 60. Kxb4 {[%clk 0:08:19]} Kd7 {[%clk 0:13:41]} 61. Rg5
{[%clk 0:03:42]} Rxf4+ {[%clk 0:14:00]} 62. Ka5 {[%clk 0:03:43]} Ke6
{[%clk 0:14:15]} 63. b4 {[%clk 0:03:30]} Rf5+ {[%clk 0:13:41]} 64. Rxf5
{[%clk 0:03:55]} Kxf5 {[%clk 0:14:07]} 65. b5 {[%clk 0:04:21]} g3
{[%clk 0:14:32]} 66. b6 {[%clk 0:04:48]} g2 {[%clk 0:14:58]} 67. b7
{[%clk 0:05:15]} g1=Q {[%clk 0:15:22]} 68. b8=Q {[%clk 0:05:37]} Qa1+
{[%clk 0:15:38]} 69. Kb6 {[%clk 0:06:01]} Qb2+ {[%clk 0:16:06]} 70. Kc7
{[%clk 0:06:14]} Qxb8+ {[%clk 0:16:33]} 71. Kxb8  1/2-1/2

[Event "Iranian Men Championship Final 1399"]
[Site "Tehran"]
[Date "2021.04.10"]
[Round "10"]
[Board "4"]
[White "Tabatabaei, M.Amin"]
[Black "Mosadeghpour, Masoud"]
[Result "1-0"]
[WhiteElo "2629"]
[BlackElo "2498"]
[PlyCount "0"]
[EventDate "2021.04.05"]
[EventRounds "15"]
[EventCountry "IRI"]

1. d4 {[%clk 1:28:43]} Nf6 {[%clk 1:26:47]} 2. c4 {[%clk 1:29:04]} g6
{[%clk 1:26:50]} 3. Nc3 {[%clk 1:29:24]} d5 {[%clk 1:27:12]} 4. Nf3
{[%clk 1:29:47]} Bg7 {[%clk 1:27:30]} 5. h3 {[%clk 1:30:10]} c6 {[%clk 1:26:38]}
6. cxd5 {[%clk 1:30:22]} Nxd5 {[%clk 1:23:37]} 7. e4 {[%clk 1:30:39]} Nxc3
{[%clk 1:21:38]} 8. bxc3 {[%clk 1:31:01]} O-O {[%clk 1:20:42]} 9. Be2
{[%clk 1:31:21]} Nd7 {[%clk 1:20:41]} 10. O-O {[%clk 1:29:08]} e5
{[%clk 1:20:33]} 11. a4 {[%clk 1:27:42]} Re8 {[%clk 1:16:44]} 12. Qc2
{[%clk 1:27:25]} exd4 {[%clk 1:09:25]} 13. cxd4 {[%clk 1:27:36]} c5
{[%clk 1:09:50]} 14. Bg5 {[%clk 1:04:28]} Qa5 {[%clk 1:02:05]} 15. Bd2
{[%clk 1:04:45]} Qd8 {[%clk 1:02:15]} 16. d5 {[%clk 1:04:07]} Bxa1
{[%clk 0:46:06]} 17. Rxa1 {[%clk 1:04:28]} Qe7 {[%clk 0:45:19]} 18. Re1
{[%clk 1:03:35]} f6 {[%clk 0:38:56]} 19. Bc4 {[%clk 1:00:37]} Qd6
{[%clk 0:38:06]} 20. Bc3 {[%clk 1:01:00]} a6 {[%clk 0:34:27]} 21. h4
{[%clk 0:56:18]} b5 22. axb5 {[%clk 0:56:31]} Rb8 {[%clk 0:29:46]} 23. Qd3
{[%clk 0:54:48]} Nb6 {[%clk 0:19:35]} 24. e5 {[%clk 0:49:27]} Bf5
{[%clk 0:15:42]} 25. exd6 {[%clk 0:48:42]} Rxe1+ {[%clk 0:16:04]} 26. Bxe1
{[%clk 0:41:59]} Bxd3 {[%clk 0:16:32]} 27. Bxd3 {[%clk 0:42:18]} c4
{[%clk 0:15:51]} 28. Be2 {[%clk 0:38:48]} axb5 {[%clk 0:14:39]} 29. Nd4
{[%clk 0:39:06]} Nd7 {[%clk 0:13:53]} 30. g4 {[%clk 0:31:31]} Kf7
{[%clk 0:11:24]} 31. Kg2 {[%clk 0:31:30]} Rb6 {[%clk 0:09:34]} 32. Bb4
{[%clk 0:31:25]} Ke8 {[%clk 0:01:47]} 33. g5 {[%clk 0:31:37]} f5 {[%clk 0:01:19]}
34. h5 {[%clk 0:28:38]} Ne5 {[%clk 0:00:34]} 35. f4 {[%clk 0:28:46]} Nd3
{[%clk 0:00:36]} 36. Bxd3 {[%clk 0:29:04]} cxd3 {[%clk 0:01:04]} 37. hxg6
{[%clk 0:29:22]} hxg6 {[%clk 0:01:32]} 38. Nc6 {[%clk 0:29:44]}  1-0